ბათუმის შოთა რუსთაველის სახელმწიფო უნივერსიტეტის ბიბლიოთეკა

История Международных Отношений; Т3 Ялтинско-потсдамская система (ბიბ.ჩანაწერი № 45748)

000 -LEADER
fixed length control field 00881nam a2200265Ia 4500
001 - CONTROL NUMBER
control field 12575
003 - CONTROL NUMBER IDENTIFIER
control field GE_BSU
008 - FIXED-LENGTH DATA ELEMENTS--GENERAL INFORMATION
fixed length control field 181216s||||||||xx |||||||||||||| ||und||
020 ## - INTERNATIONAL STANDARD BOOK NUMBER
International Standard Book Number 9785756706703
040 ## - CATALOGING SOURCE
Transcribing agency GE_BSU
080 ## - UNIVERSAL DECIMAL CLASSIFICATION NUMBER
Universal Decimal Classification number 327(075.8)
100 ## - MAIN ENTRY--PERSONAL NAME
Personal name Дубинин,Ю.А. и др.
245 ## - TITLE STATEMENT
Title История Международных Отношений; Т3 Ялтинско-потсдамская система
245 ## - TITLE STATEMENT
Statement of responsibility, etc. Под.ред:А.В.Торкунова; М.М.Наринского.
260 ## - PUBLICATION, DISTRIBUTION, ETC.
Place of publication, distribution, etc. Москва
260 ## - PUBLICATION, DISTRIBUTION, ETC.
Name of publisher, distributor, etc. Аспект-Пресс
260 ## - PUBLICATION, DISTRIBUTION, ETC.
Date of publication, distribution, etc. 2014
300 ## - PHYSICAL DESCRIPTION
Extent 552стр.24см.
653 ## - INDEX TERM--UNCONTROLLED
Uncontrolled term История Международных Отношений.
653 ## - INDEX TERM--UNCONTROLLED
Uncontrolled term Политика
653 ## - INDEX TERM--UNCONTROLLED
Uncontrolled term Ялтинско-потсдамская система
653 ## - INDEX TERM--UNCONTROLLED
Uncontrolled term პოლიტიკა
942 ## - ADDED ENTRY ELEMENTS (KOHA)
Koha item type წიგნი
ეგზემპლარები
Withdrawn status Lost status Damaged status Not for loan Date acquired Barcode Date last seen Price effective from Koha item type
        2018-12-17 36201 2018-12-17 2018-12-17 წიგნი
        2018-12-17 36202 2018-12-17 2018-12-17 წიგნი
        2018-12-17 36203 2018-12-17 2018-12-17 წიგნი
        2018-12-17 36204 2018-12-17 2018-12-17 წიგნი